Neurological disorders children with non CNS-malignancy / (رقم التسجيلة. 179274)

تفاصيل مارك
000 -LEADER
fixed length control field 01348namaa22003371i 4500
005 - أخر تعامل مع التسجيلة
control field 20260407125900.0
008 - FIXED-LENGTH DATA ELEMENTS--GENERAL INFORMATION
fixed length control field 260407s1994 ua ado|frm||| 00| 0 eng d
040 ## - CATALOGING SOURCE
Original cataloguing agency EG-GICUC
Language of cataloging eng
Transcribing agency EG-GICUC
Modifying agency EG-GICUC
Description conventions rda
041 0# - LANGUAGE CODE
Language code of text/sound track or separate title eng
Language code of summary or abstract eng
-- ara
049 ## - Acquisition Source
Acquisition Source Deposit
097 ## - Degree
Degree M.Sc
099 ## - LOCAL FREE-TEXT CALL NUMBER (OCLC)
Local Call Number Cai01.11.24.M.Sc.1994.Am.N
100 0# - MAIN ENTRY--PERSONAL NAME
Authority record control number or standard number Amani M. Ezzat Elwan
Preparation preparation.
245 10 - TITLE STATEMENT
Title Neurological disorders children with non CNS-malignancy /
Statement of responsibility, etc. By Amani M. Ezzat Elwan ; Supervised By Prof. Dr. Salah Nassar, Prof. Dr. Hany Hussein.
246 15 - VARYING FORM OF TITLE
Title proper/short title الأضطرابات العصبية فى حالات الأورام الخبيثة فى الأطفال
264 #0 - PRODUCTION, PUBLICATION, DISTRIBUTION, MANUFACTURE, AND COPYRIGHT NOTICE
Date of production, publication, distribution, manufacture, or copyright notice 1994.
300 ## - PHYSICAL DESCRIPTION
Extent 240 pages :
Other physical details illustrations ;
Dimensions 30 cm. +
336 ## - CONTENT TYPE
Source rda content
Content type term text
337 ## - MEDIA TYPE
Source rdamedia
Media type term Unmediated
338 ## - CARRIER TYPE
Source rdacarrier
Carrier type term volume
502 ## - DISSERTATION NOTE
Dissertation note Thesis (M.Sc.)-Cairo University, 1994.
504 ## - BIBLIOGRAPHY, ETC. NOTE
Bibliography, etc. note Bibliography: pages 194-240
653 #0 - INDEX TERM--UNCONTROLLED
Uncontrolled term pediatrics
653 #0 - INDEX TERM--UNCONTROLLED
Uncontrolled term non CNS-malignancy
653 #0 - INDEX TERM--UNCONTROLLED
Uncontrolled term Neurological disorders
700 0# - ADDED ENTRY--PERSONAL NAME
Personal name Prof. Dr. Salah Nassar.
Relator term thesis advisor.
700 0# - ADDED ENTRY--PERSONAL NAME
Personal name Prof. Dr. Hany Hussein.
Relator term thesis advisor.
900 ## - Thesis Information
Department Department of pediatrics
Faculties NCI
Universities Cairo University
Grant date 1994
Supervisory body Prof. Dr. Salah Nassar.
-- Prof. Dr. Hany Hussein.
Discussion body Prof. Dr. Salah Nassar.
905 ## - Cataloger and Reviser Names
Cataloger Name Nermeen_Ahmed
942 ## - ADDED ENTRY ELEMENTS (KOHA)
Source of classification or shelving scheme Dewey Decimal Classification
Koha item type Thesis
Edition 21
Suppress in OPAC No
المقتنيات
Source of classification or shelving scheme Home library Current library Date acquired Inventory number Full call number Barcode Date last seen Effective from Koha item type
Dewey Decimal Classification المكتبة المركزبة الجديدة - جامعة القاهرة مكتبة المئوية 07.04.2026 24662 Cai01.11.24.M.Sc.1994.Am.N 01010110024662000 07.04.2026 07.04.2026 Thesis
Cairo University Libraries Portal Implemented & Customized by: Eng. M. Mohamady Contacts: new-lib@cl.cu.edu.eg | cnul@cl.cu.edu.eg
CUCL logo CNUL logo
© All rights reserved — Cairo University Libraries
CUCL logo
Implemented & Customized by: Eng. M. Mohamady Contact: new-lib@cl.cu.edu.eg © All rights reserved — New Central Library
CNUL logo
Implemented & Customized by: Eng. M. Mohamady Contact: cnul@cl.cu.edu.eg © All rights reserved — Cairo National University Library